Word Ladder: Daniel Day-Lewis Films Quiz Stats

 Plays Quiz Updated Sep 13, 2017

Challenge
Share
Tweet
Embed
Score 0/20 Timer 02:00
0 Plays Today
Hint 4-Letter Word % Correct
2007 film: 'There ___ Be Blood'★WILL★
97.8%
Longest river in AfricaNILE
97.8%
Liver fluidBILE
96.1%
1992 film: 'The ___ of the Mohicans'★LAST★
95.5%
Remembrance Day phrase: '___ we forget'LEST
93.5%
1993 film: 'In the ___ of the Father'★NAME★
93.5%
[Rung 20] butcher character's first name★BILL★
93.4%
Edible stuffFOOD
93.3%
2002 film: 'Gangs of New ___'★YORK★
92%
Model T or Fusion, e.g.FORD
91.5%
Hint 4-Letter Word % Correct
Tined utensilFORK
91%
ZilchNONE
88.9%
Stolen goodsLOOT
86.3%
2009 film based on a famous Fellini movie: '___' ★NINE★
85.9%
1989 film: 'My [Rung 13] ___'★FOOT★
85.5%
Iditarod end cityNOME
85.4%
Like many an excuseLAME
84.8%
Attic storage spaceLOFT
83.2%
1989 film: 'My ___ [Rung 16]'★LEFT★
82.8%
Emit coherent lightLASE
80.2%

Today's Daily Dose

Word Ladder
Homophones Ate

Quick Pick
RGB Colors

On This Day
August 18th II

You're not logged in!

Compare scores with friends on all Sporcle quizzes.
Join for Free
OR
Log In

You Might Also Like...

Show Comments

Extras

Top Quizzes Today


Score Distribution

Your Account Isn't Verified!

In order to create a playlist on Sporcle, you need to verify the email address you used during registration. Go to your Sporcle Settings to finish the process.

Report this User

Report this user for behavior that violates our Community Guidelines.

Details: